Účtovanie tvorby a použitia sociálneho fondu

Tvorbu sociálneho fondu, výšku a použitie sociálneho fondu, podmienky poskytovania príspevkov zo sociálneho fondu zamestnancom a spôsob preukazovania výdavkov zamestnancov si zamestnávateľ dohodne v kolektívnej zmluve, ak u zamestnávateľa nepôsobí odborová organizácia, upraví tieto podmienky vo vlas...

Descrizione completa

Salvato in:
Dettagli Bibliografici
Autore principale: Veverková, Ingrid
Natura: Capitolo di libro
Lingua:slovacco
Soggetti:
Tags: Aggiungi Tag
Nessun Tag, puoi essere il primo ad aggiungerne!!

MARC

LEADER 00000naa a2200000 4500
001 0145205
005 20231208084709.0
041 0 |a slo 
044 |a SK 
245 1 0 |a Účtovanie tvorby a použitia sociálneho fondu  |c Ingrid Veverková 
520 |a Tvorbu sociálneho fondu, výšku a použitie sociálneho fondu, podmienky poskytovania príspevkov zo sociálneho fondu zamestnancom a spôsob preukazovania výdavkov zamestnancov si zamestnávateľ dohodne v kolektívnej zmluve, ak u zamestnávateľa nepôsobí odborová organizácia, upraví tieto podmienky vo vlastnom vnútornom predpise. 
610 2 0 |a účtovníctvo podvojné 
610 2 0 |a zamestnávatelia 
610 2 0 |a účtovanie 
610 2 0 |a fond sociálny 
610 2 0 |a politika sociálna podniková 
100 1 |a Veverková, Ingrid